Geography Quiz

Random Geography or State Quiz

Top Rice Producing States Quiz Stats

 Plays Quiz Updated Aug 11, 2018

Challenge
Share
Tweet
Embed
Score 0/6 Timer 01:30
3 Plays Today
Weight (1,000 lbs.) State % Correct
1,284,416Texas
93%
4,175,024California
85.9%
944,832Mississippi
78.8%
2,968,336Louisiana
78.4%
9,256,128Arkansas
70%
1,332,800Missouri
60.2%

You're not logged in!

Compare scores with friends on all Sporcle quizzes.
Join for Free
OR
Log In

You Might Also Like...

Show Comments

Extras

Top Quizzes Today


Score Distribution

Your Account Isn't Verified!

In order to create a playlist on Sporcle, you need to verify the email address you used during registration. Go to your Sporcle Settings to finish the process.

Report this User

Report this user for behavior that violates our Community Guidelines.

Details: